Catalog

Record Details

Catalog Search



Scaredy Squirrel at night  Cover Image Book Book

Scaredy Squirrel at night / by Mélanie Watt.

Summary:

Scaredy comes up with a Bad Dream Action Plan to avoid sleep but between counting stars, playing cymbals and making scrapbooks, disaster still strikes and exhaustion takes its toll. Will Scaredy survive this ordeal? Will he find sweet dreams?

Record details

  • ISBN: 9781554532889
  • ISBN: 1554532884
  • Physical Description: 30 unnumbered pages : color illustrations ; 21 cm
  • Publisher: Toronto ; Kids Can Press, ©2009.

Content descriptions

Target Audience Note:
430 Lexile.
Study Program Information Note:
Accelerated Reader/Renaissance Learning LG 3.6 0.5.
Awards Note:
A Junior Library Guild selection
Subject: Sleep > Juvenile fiction.
Dreams > Juvenile fiction.
Fear > Juvenile fiction.
Squirrels > Juvenile fiction.
Genre: Picture books for children.

Available copies

  • 1 of 1 copy available at scottsboropl.

Holds

  • 0 current holds with 1 total copy.
Show Only Available Copies
Location Call Number / Copy Notes Barcode Shelving Location Status Due Date
scottsboropl E Wat 32269000969892 Juvenile - Easy Available -

LDR 01441cam a2200361 a 4500
001140380
003CONS
00520160106074235.0
008080807s2009 onca a 000 f eng
020 . ‡a9781554532889
020 . ‡a1554532884
035 . ‡a(CPomAG)LMN592794
05014. ‡aPZ7.W38 ‡bSca 2009
08204. ‡a[E] ‡222
1001 . ‡aWatt, Mélanie, ‡d1975-
24510. ‡aScaredy Squirrel at night / ‡cby Mélanie Watt.
260 . ‡aToronto ; ‡aTonawanda, NY : ‡bKids Can Press, ‡c©2009.
300 . ‡a30 unnumbered pages : ‡bcolor illustrations ; ‡c21 cm
336 . ‡atext ‡btxt ‡2rdacontent
337 . ‡aunmediated ‡bn ‡2rdamedia
338 . ‡avolume ‡bnc ‡2rdacarrier
520 . ‡aScaredy comes up with a Bad Dream Action Plan to avoid sleep but between counting stars, playing cymbals and making scrapbooks, disaster still strikes and exhaustion takes its toll. Will Scaredy survive this ordeal? Will he find sweet dreams?
5218 . ‡a430 ‡bLexile.
5260 . ‡aAccelerated Reader/Renaissance Learning ‡bLG ‡c3.6 ‡d0.5.
5868 . ‡aA Junior Library Guild selection
650 0. ‡aSleep ‡vJuvenile fiction.
650 0. ‡aDreams ‡vJuvenile fiction.
650 0. ‡aFear ‡vJuvenile fiction.
650 0. ‡aSquirrels ‡vJuvenile fiction.
655 0. ‡aPicture books for children.
914 . ‡aSCP_jd
959 . ‡i32269000969892 ‡lE Wat ‡aJuvenile - Easy ‡tEasy ‡g17.00
852 . ‡p32269000969892 ‡jE Wat ‡gJuvenile - Easy ‡cEasy ‡y17.00 ‡bSBPL
901 . ‡a140380 ‡bUnknown ‡c140380 ‡tbiblio

Additional Resources